[Event "FIDE World Uni Blitz-C 1st"]
[Site "Tornelo INT"]
[Date "2021.03.13"]
[Round "2.9"]
[White "Drygalov, Sergey"]
[Black "Pattnayak, Nilsu"]
[Result "1-0"]
[WhiteElo "2490"]
[BlackElo "1948"]
[PlyCount "79"]
[EventDate "2021.03.13"]
[EventType "swiss (blitz)"]
[EventRounds "10"]
[EventCountry "NET"]
[SourceTitle "EXT 2022"]
[Source "ChessBase"]
[SourceDate "2021.10.06"]
[SourceVersion "1"]
[SourceVersionDate "2021.10.06"]
[SourceQuality "1"]

1. d4 Nf6 2. c4 e6 3. Nf3 Bb4+ 4. Nbd2 0-0 5. a3 Bxd2+ 6. Qxd2 d6 7. e3 Nbd7 8. Be2 e5 9. 0-0 b6 10. b4 Bb7 11. Bb2 e4 12. Ne1 d5 13. Rc1 Ba6 14. b5 Bc8 15. c5 Re8 16. Nc2 Nf8 17. Nb4 Bd7 18. cxb6 cxb6 19. Nc6 Bxc6 20. Rxc6 Rc8 21. Rfc1 Qd7 22. a4 Ne6 23. Ba3 Rc7 24. R1c3 Rec8 25. Qc1 Rxc6 26. bxc6 Qd8 27. Ba6 Rc7 28. Bb7 Ne8 29. Ba6 Qb8 30. Qb2 Qd8 31. Qb4 Nf6 32. Qd6 h6 33. h3 Kh7 34. Qe5 Ne8 35. Bb4 Qf6 36. Qxd5 Qg6 37. Kh2 Ng5 38. Be2 Kg8 39. Bg4 Kh7 40. Bf5 1-0

[Event "FIDE World Uni Blitz-C 1st"]
[Site "Tornelo INT"]
[Date "2021.03.13"]
[Round "7.49"]
[White "Pattnayak, Nilsu"]
[Black "Kablar, Dorian"]
[Result "1-0"]
[WhiteElo "1948"]
[BlackElo "1515"]
[PlyCount "31"]
[EventDate "2021.03.13"]
[EventType "swiss (blitz)"]
[EventRounds "10"]
[EventCountry "NET"]
[SourceTitle "EXT 2022"]
[Source "ChessBase"]
[SourceDate "2021.10.06"]
[SourceVersion "1"]
[SourceVersionDate "2021.10.06"]
[SourceQuality "1"]

1. e4 e5 2. Nf3 Nc6 3. d4 exd4 4. Bc4 h6 5. Nxd4 Nxd4 6. Qxd4 d6 7. 0-0 Be6 8. Nc3 Nf6 9. Bxe6 fxe6 10. e5 Nh7 11. f4 d5 12. f5 b6 13. Qg4 exf5 14. Qg6+ Kd7 15. Qxf5+ Ke7 16. Qf7# 1-0

[Event "FIDE World Uni Blitz-C 1st"]
[Site "Tornelo INT"]
[Date "2021.03.13"]
[Round "10.21"]
[White "Pattnayak, Nilsu"]
[Black "Kubicka, Anna"]
[Result "0-1"]
[WhiteElo "1948"]
[BlackElo "2235"]
[PlyCount "70"]
[EventDate "2021.03.13"]
[EventType "swiss (blitz)"]
[EventRounds "10"]
[EventCountry "NET"]
[SourceTitle "EXT 2022"]
[Source "ChessBase"]
[SourceDate "2021.10.06"]
[SourceVersion "1"]
[SourceVersionDate "2021.10.06"]
[SourceQuality "1"]

1. e4 c5 2. Nc3 a6 3. f4 b5 4. d3 Bb7 5. Nf3 e6 6. g3 Ne7 7. Bg2 d5 8. 0-0 g6 9. e5 Bg7 10. d4 Nd7 11. Be3 Nf5 12. Bf2 Qc7 13. g4 Nxd4 14. Nxd4 cxd4 15. Bxd4 b4 16. Ne2 a5 17. c3 Ba6 18. Rf2 Bxe2 19. Qxe2 0-0 20. Qe3 Rfc8 21. h4 Bf8 22. f5 Bc5 23. fxg6 fxg6 24. Raf1 Rf8 25. h5 Bxd4 26. cxd4 Rxf2 27. Rxf2 Rc8 28. hxg6 Qc1+ 29. Qxc1 Rxc1+ 30. Rf1 Rxf1+ 31. Bxf1 hxg6 32. Kf2 Nb6 33. Bb5 Kg7 34. Ke3 Kh6 35. Kf4 Kg7 0-1

[Event "IND-chT 40th"]
[Site "Ahmedabad"]
[Date "2020.02.08"]
[Round "3.5"]
[White "Sibi Visal, R."]
[Black "Pattnayak, Nilsu"]
[Result "1-0"]
[WhiteElo "2074"]
[BlackElo "1950"]
[PlyCount "83"]
[EventDate "2020.02.07"]
[EventType "team-swiss"]
[EventRounds "9"]
[EventCountry "IND"]
[SourceTitle "CBM 194 Extra"]
[Source "ChessBase"]
[SourceDate "2020.03.31"]
[SourceVersion "1"]
[SourceVersionDate "2020.03.31"]
[SourceQuality "1"]
[WhiteTeam "Tamil Nadu"]
[BlackTeam "Odisha II"]
[WhiteTeamCountry "IND"]
[BlackTeamCountry "IND"]

1. c4 Nf6 2. Nc3 e6 3. e4 c5 4. e5 Ng8 5. Nf3 Nc6 6. d4 cxd4 7. Nxd4 Bc5 8. Nxc6 dxc6 9. Qxd8+ Kxd8 10. Bg5+ Kc7 11. 0-0-0 Be7 12. Ne4 Bd7 13. Bxe7 Nxe7 14. Nd6 Ng6 15. Nxb7 Nxe5 16. Nc5 Rad8 17. Be2 Be8 18. Kc2 g5 19. Ne4 h6 20. c5 Rd5 21. b4 f5 22. Nd6 Bd7 23. Kc3 Rxd1 24. Bxd1 Ng6 25. g3 Rf8 26. Re1 g4 27. Nc4 Ne7 28. a3 h5 29. Ne5 f4 30. Nd3 fxg3 31. hxg3 Rf5 32. Bb3 Nd5+ 33. Bxd5 exd5 34. Re5 Rf3 35. Kd4 Bf5 36. Nf4 Be4 37. Re7+ Kb8 38. Ne6 Rxa3 39. b5 Bf5 40. Re8+ Kb7 41. Nd8+ Kc7 42. Nxc6 1-0

[Event "New Delhi Parsvnath blitz op 18th"]
[Site "New Delhi"]
[Date "2020.01.14"]
[Round "2"]
[White "Pattnayak, Nilsu"]
[Black "Aaryan, Varshney"]
[Result "0-1"]
[WhiteElo "1987"]
[BlackElo "2287"]
[PlyCount "96"]
[EventDate "2020.01.14"]
[EventType "swiss (blitz)"]
[EventRounds "9"]
[EventCountry "IND"]
[SourceTitle "CBM 194 Extra"]
[Source "ChessBase"]
[SourceDate "2020.03.31"]
[SourceVersion "1"]
[SourceVersionDate "2020.03.31"]
[SourceQuality "1"]

1. e4 c5 2. Nc3 Nc6 3. f4 g6 4. Nf3 Bg7 5. Bb5 Nd4 6. 0-0 Nxb5 7. Nxb5 d6 8. Kh1 Nf6 9. d3 0-0 10. a4 c4 11. e5 dxe5 12. dxc4 e4 13. Ne5 Qxd1 14. Rxd1 Ng4 15. Nxg4 Bxg4 16. Re1 a6 17. Nc7 Rad8 18. Nd5 Rfe8 19. c3 h5 20. Be3 Rc8 21. Nb6 Rcd8 22. h3 Be6 23. Rad1 f5 24. Bd4 Bf7 25. Be5 h4 26. Bc7 Rxd1 27. Rxd1 e5 28. fxe5 Bxe5 29. Bxe5 Rxe5 30. Kg1 e3 31. Re1 f4 32. Nd7 Re7 33. Nf6+ Kg7 34. Nd5 Re4 35. b3 b5 36. axb5 axb5 37. Nb6 bxc4 38. bxc4 Bxc4 39. Ra1 Bf7 40. Kf1 g5 41. Ke2 Re6 42. Nd5 Rd6 43. Nb4 Rd2+ 44. Kf3 Rf2+ 45. Kg4 Rxg2+ 46. Kf5 f3 47. Nd3 f2 48. Rf1 Bg6+ 0-1

[Event "New Delhi Parsvnath blitz op 18th"]
[Site "New Delhi"]
[Date "2020.01.14"]
[Round "4"]
[White "Pattnayak, Nilsu"]
[Black "Shreyash, Shuvam Patnaik"]
[Result "1-0"]
[WhiteElo "1987"]
[BlackElo "1887"]
[PlyCount "57"]
[EventDate "2020.01.14"]
[EventType "swiss (blitz)"]
[EventRounds "9"]
[EventCountry "IND"]
[SourceTitle "CBM 194 Extra"]
[Source "ChessBase"]
[SourceDate "2020.03.31"]
[SourceVersion "1"]
[SourceVersionDate "2020.03.31"]
[SourceQuality "1"]

1. e4 e6 2. d4 d5 3. Nc3 dxe4 4. Nxe4 Nd7 5. Nf3 Ngf6 6. Bg5 Be7 7. Bxf6 Nxf6 8. Bd3 0-0 9. 0-0 Rb8 10. a4 b6 11. c3 Bb7 12. Qc2 a5 13. Nxf6+ Bxf6 14. Bxh7+ Kh8 15. Be4 c6 16. Qd2 c5 17. Bxb7 Rxb7 18. Rad1 Rd7 19. Qf4 cxd4 20. Nxd4 e5 21. Qg4 exd4 22. Rd3 g6 23. h4 dxc3 24. Rxd7 Qc8 25. bxc3 Qxc3 26. h5 g5 27. Qf5 Kg7 28. Rd6 Be7 29. h6+ 1-0

[Event "Madurai Athens of the East op 1st"]
[Site "Madurai"]
[Date "2019.08.18"]
[Round "10"]
[White "Ram, S Krishnan"]
[Black "Pattnayak, Nilsu"]
[Result "1-0"]
[WhiteElo "2224"]
[BlackElo "1979"]
[PlyCount "149"]
[EventDate "2019.08.11"]
[EventType "swiss"]
[EventRounds "10"]
[EventCountry "IND"]
[SourceTitle "CBM 191 Extra"]
[Source "ChessBase"]
[SourceDate "2019.09.30"]
[SourceVersion "1"]
[SourceVersionDate "2019.09.30"]
[SourceQuality "1"]

1. Nf3 Nf6 2. c4 e6 3. g3 b6 4. Bg2 Bb7 5. 0-0 g6 6. d4 d6 7. Nc3 Bg7 8. d5 e5 9. e4 0-0 10. Ne1 Nbd7 11. Be3 a5 12. a3 Ba6 13. b3 Nh5 14. Rc1 Qe8 15. Nb5 Rc8 16. Bf3 Ndf6 17. Qd3 Qd7 18. Qe2 Ra8 19. Nc2 Ne8 20. Bxh5 gxh5 21. Qxh5 f5 22. exf5 Rxf5 23. Qe2 Qf7 24. Nc3 Nf6 25. Bd2 Re8 26. Ne3 Rh5 27. f3 Bc8 28. g4 Rg5 29. Ng2 Rg6 30. Nh4 e4 31. Nxg6 Qxg6 32. g5 h6 33. Qg2 e3 34. gxf6 Qxg2+ 35. Kxg2 exd2 36. Rcd1 Bxf6 37. Ne4 Be5 38. Rxd2 Kf7 39. f4 Bg7 40. Ng3 Re3 41. Rf3 Re1 42. f5 Bf6 43. Re2 Ra1 44. a4 Bd7 45. Re4 Rb1 46. Rg4 Rb2+ 47. Kh3 Be5 48. Nf1 Bf6 49. Rg2 Rb1 50. Ng3 Rd1 51. Ne4 Be5 52. Nf2 Rf1 53. Kg4 c6 54. Kh5 cxd5 55. cxd5 b5 56. f6 Bxf6 57. Rg6 Be8 58. Rgxf6+ Kg7+ 59. Kh4 bxa4 60. bxa4 Ra1 61. R6f4 Bxa4 62. Rg3+ Kh7 63. Rf7+ Kh8 64. Ng4 Rh1 65. Nf6 Rxh2+ 66. Rh3 Rxh3+ 67. Kxh3 Bc2 68. Kh4 Bg6 69. Ra7 a4 70. Ng4 a3 71. Nxh6 a2 72. Rxa2 Be4 73. Ra5 Kg7 74. Kg5 Bh7 75. Ra7+ 1-0

[Event "Asia Cities-ch 20th"]
[Site "Bhubaneswar"]
[Date "2017.08.31"]
[Round "8.2"]
[White "Kiran, Manisha Mohanty"]
[Black "Pattnayak, Nilsu"]
[Result "1-0"]
[WhiteElo "2162"]
[BlackElo "1763"]
[PlyCount "135"]
[EventDate "2017.08.26"]
[EventType "team-swiss"]
[EventRounds "9"]
[EventCountry "IND"]
[SourceTitle "CBM 180 Extra"]
[Source "ChessBase"]
[SourceDate "2017.10.06"]
[SourceVersion "1"]
[SourceVersionDate "2017.10.06"]
[SourceQuality "1"]
[WhiteTeam "Bhubaneswar KIIT"]
[BlackTeam "Cuttack"]
[WhiteTeamCountry "IND"]
[BlackTeamCountry "IND"]

1. e4 c5 2. Nf3 g6 3. d4 cxd4 4. Nxd4 Nc6 5. Nc3 Bg7 6. Nb3 Nf6 7. Be2 0-0 8. 0-0 d6 9. Re1 Be6 10. Bg5 a5 11. a4 h6 12. Bh4 Rc8 13. Bf1 g5 14. Bg3 Qb6 15. Nd5 Qd8 16. c3 Nd7 17. h4 Nc5 18. hxg5 hxg5 19. Nxc5 dxc5 20. Qh5 Bxd5 21. exd5 Qxd5 22. Rad1 Qb3 23. Qxg5 Rcd8 24. Rb1 Qd5 25. Qh4 Bf6 26. Qf4 Kg7 27. Qg4+ Qg5 28. Qxg5+ Bxg5 29. Bc7 Rd5 30. Rbd1 Rxd1 31. Rxd1 Rc8 32. Bb6 e6 33. Bxc5 Rd8 34. Rxd8 Bxd8 35. Bb5 Kf6 36. Kf1 Ke5 37. Ke2 Kd5 38. Be3 Ne5 39. b3 Ng4 40. Bd2 Bb6 41. f3 Ne5 42. g4 Kd6 43. g5 Ke7 44. f4 Ng6 45. Bd3 Nf8 46. Be4 Nd7 47. b4 f6 48. Bxb7 e5 49. g6 exf4 50. Bd5 Kf8 51. Bxf4 Kg7 52. Be4 Nf8 53. Be3 Bc7 54. b5 Nxg6 55. b6 Bb8 56. c4 f5 57. Bxf5 Ne7 58. Bd4+ Kf7 59. Bd7 Ng6 60. c5 Ke7 61. Bf5 Nf4+ 62. Kf3 Nd5 63. Ke4 Nb4 64. Bc3 Bh2 65. Kd4 Bg1+ 66. Kc4 Nc6 67. Kb5 Nb8 68. c6 1-0

[Event "Asia Cities-ch 20th"]
[Site "Bhubaneswar"]
[Date "2017.08.27"]
[Round "2.6"]
[White "Hsu, Hsuan Ming"]
[Black "Pattnayak, Nilsu"]
[Result "1-0"]
[WhiteElo "1743"]
[BlackElo "1763"]
[PlyCount "83"]
[EventDate "2017.08.26"]
[EventType "team-swiss"]
[EventRounds "9"]
[EventCountry "IND"]
[SourceTitle "CBM 180 Extra"]
[Source "ChessBase"]
[SourceDate "2017.10.06"]
[SourceVersion "1"]
[SourceVersionDate "2017.10.06"]
[SourceQuality "1"]
[WhiteTeam "Chinese Taipei"]
[BlackTeam "Cuttack"]
[WhiteTeamCountry "TPE"]
[BlackTeamCountry "IND"]

1. e4 c5 2. c3 g6 3. d4 cxd4 4. Bc4 Qc7 5. Bb3 Bg7 6. cxd4 Bxd4 7. Nf3 Bg7 8. 0-0 Nc6 9. Nc3 Nf6 10. Qe2 0-0 11. e5 Ng4 12. Nd5 Qd8 13. Bg5 Re8 14. Rac1 Bh6 15. h3 Bxg5 16. Nxg5 Nh6 17. Rfd1 Kg7 18. Qe3 e6 19. Nf6 Rh8 20. Nge4 Nf5 21. Qc3 Qe7 22. g4 Nh6 23. Rd6 Rd8 24. Rcd1 a5 25. Nc5 Rb8 26. Ncxd7 Bxd7 27. Nxd7 Rbc8 28. Nb6 Rb8 29. Ba4 Qc7 30. Qc5 Ng8 31. f4 h6 32. Rd7 Rxd7 33. Rxd7 Qxd7 34. Nxd7 Rc8 35. Nf6 Nge7 36. Bxc6 Nxc6 37. a3 Rd8 38. Qb6 Rd1+ 39. Kf2 g5 40. Qxb7 Nd8 41. Qe7 Nc6 42. Nh5+ 1-0

[Event "Keshabananda Das Memorial 4th"]
[Site "Bhubaneswar"]
[Date "2015.09.11"]
[Round "1"]
[White "Shyam, Nikil P"]
[Black "Pattnayak, Nilsu"]
[Result "1-0"]
[WhiteElo "2427"]
[BlackElo "1909"]
[PlyCount "137"]
[EventDate "2015.09.11"]
[EventType "swiss"]
[EventRounds "10"]
[EventCountry "IND"]
[SourceTitle "EXT 2016"]
[Source "ChessBase"]
[SourceDate "2015.10.08"]
[SourceVersion "1"]
[SourceVersionDate "2015.10.08"]
[SourceQuality "1"]

1. e4 c5 2. Ne2 g6 3. d4 cxd4 4. Nxd4 Nc6 5. c4 d6 6. Nc3 Nf6 7. Be2 Nxd4 8. Qxd4 Bg7 9. Bg5 h6 10. Be3 0-0 11. Qd2 Kh7 12. f3 Be6 13. Nb5 a6 14. Nd4 Qc7 15. Rc1 Rfc8 16. 0-0 Nd7 17. f4 Nf6 18. Nxe6 fxe6 19. f5 Nxe4 20. fxg6+ Kh8 21. Qe1 Nf6 22. Qh4 Ng8 23. Bg4 Rf8 24. Bxe6 Rf6 25. Rxf6 exf6 26. Bf7 Qe7 27. Bf4 Qe2 28. Qf2 Qd3 29. Qe3 Qxe3+ 30. Bxe3 Bf8 31. Bd4 Bg7 32. Rf1 f5 33. Bxg7+ Kxg7 34. Rxf5 Ne7 35. Rf3 Nxg6 36. Bd5 Ne5 37. Rb3 Rb8 38. Rb6 Nd3 39. Be4 Nc5 40. Bc2 Re8 41. Kf1 Rf8+ 42. Ke2 Re8+ 43. Kd1 Re7 44. Rxd6 Rd7 45. Rxd7+ Nxd7 46. Bf5 Ne5 47. b3 b6 48. Kd2 Kf6 49. Be4 Nf7 50. Ke3 Ke5 51. h4 Nd6 52. Bd3 a5 53. g4 Nf7 54. a3 Nd8 55. g5 hxg5 56. hxg5 Ne6 57. g6 Kf6 58. b4 axb4 59. axb4 Ke5 60. Be4 Kf6 61. Bd5 Nc7 62. Bf7 Na6 63. c5 bxc5 64. b5 Nb8 65. b6 Nd7 66. b7 Ke7 67. Kd3 Ne5+ 68. Kc3 Nc6 69. Bd5 1-0